000 00490nam a2200157 i 4500
001 50625
003 ES-MaACL
007 t|
008 030805s1982 sp ||||1| spa d
100 1 _aChacholiades, Miltiades.
_937754
245 1 0 _aEconomía internacional /
_cMiltiades Chacholiades ; traductor Fernando Montes Negret.
260 _a[Madrid] :
_bMcGraw-Hill,
_c[1982]
300 _a677 p. ;
_c24 cm.
700 1 _aMontes Negret, Fernando.
_982576
852 _aES-MaACL
_jL-4094
_bR.104810
999 _c50625
_d50625